00310nam a22001337a 4500003000400000020001800004082001800022100002800040245005700068250000800125260001600133300000800149650001900157SGT a9788195409723 a174.957bT23D aD'Souza, Russell Franco aTextbook of Bioethics, Medical ethics and Health Law a1st bParasc2023 a818 aMedical Ethics